Advanced combinatorics: the art of finite and infinite expansions

Bewaard in:
Bibliografische gegevens
Hoofdauteur: Comtet, Louis (Auteur)
Formaat: Boek
Taal:Engels
Gepubliceerd in: Boston D. Reidel 1974
Onderwerpen:
Tags: Voeg label toe
Geen labels, Wees de eerste die dit record labelt!

MARC

LEADER 00000nam a2200000 a 4500
001 UCP3069
003 CL-VaPUC
008 990604e19740000US |||||||||||||||||eng|d
082 0 4 |a 511.6  |b COM  |2 21 
100 0 |a Comtet, Louis  |e author  |9 430175 
245 1 0 |a Advanced combinatorics: the art of finite and infinite expansions 
300 |a 343 p 
942 |c BK 
945 |d 19990604 00:00:00  |a crobeson 
260 |a Boston  |b D. Reidel  |c 1974 
650 7 |a COMBINATORIA  |2 CL-VaPUC  |9 392344 
650 0 |a Análisis combinatorio   |9 269849 
650 7 |a EXPANSIONES FINITAS  |2 CL-VaPUC  |9 430176 
650 7 |a EXPANSIONES INFINITAS  |2 CL-VaPUC  |9 430177 
650 7 |a PERMUTACIONES  |2 CL-VaPUC  |9 430178 
583 |a last modification  |c 19990604 00:00:00  |k Rodrigo Vera 
999 |c 281507  |d 281505 
952 |0 0  |1 0  |4 0  |6 511_600000000000000_COM_1974  |7 0  |8 A  |9 322263  |a BIBMAT  |b BIBMAT  |d 2019-11-20  |i 1347926  |o 511.6 COM 1974  |p 1347926  |r 2025-01-07  |w 2019-11-20  |y BK  |k MAT